| 000 | 01373nam a2200265 i 4500 | ||
|---|---|---|---|
| 001 | 166597 | ||
| 003 | ES-MaACL | ||
| 005 | 20250727003518.0 | ||
| 008 | 931025s1785 sp ax |||| | spa d | ||
| 245 | 0 | 0 |
_aTratado de los derechos y regalias que corresponden al Real Patrimonio en el reyno de Valencia y de la jurisdiccion del Intendente como subrogado en lugar del antiguo Bayle General. _nII ... / _cpor Don Vicente Branchàt... |
| 260 |
_aValencia : _ben la imprenta de Joseph y Tomas de Orga, _c1785. |
||
| 300 |
_a[4], XLVIII, [1], [1] en bl., VII, [1] en bl., 643, [1] p. en bl. : _bil. ; _cFol. |
||
| 500 | _aEs el T. II de la obra y el T. I de la "Colección de documentos..." | ||
| 530 | _aDisponible en formato digital. | ||
| 594 | _aInterpolación de Tomo II tomada de antep. | ||
| 597 | _aSign.: [ ]\p2\s, *-6*\p4\s, [ ]\p2\s, [calderón]\p4\s, A-Z\p4\s, 2A-2Z\p4\s, 3A-3Z\p4\s, 4A-4L\p4\s, 4M\p2\s. | ||
| 597 | _aTexto a toda plana y a dos col. | ||
| 597 | _aPort. con esc. real xil. | ||
| 599 | _aIlustración calc.: "M. Toxxa invit. P. Cucò f." | ||
| 651 | 7 |
_aValencia (Reino)- _xAdministración _2 _9152428 |
|
| 700 | 1 |
_aBranchat, Vicent. _931323 |
|
| 852 |
_aES-MaACL _jR-132-4 _z- Enc. hol. _x Olim: B-1490-2 |
||
| 856 |
_uhttp://bivaldi.gva.es/es/consulta/registro.cmd?id=5082 _zBiblioteca Valenciana Digital |
||
| 999 |
_c166597 _d166597 |
||